000 01588nam a22002777a 4500
003 OSt
005 20250625143215.0
008 250331b |||||||| |||| 00| 0 eng d
020 _a9780241430903
040 _cTBS
100 _aVance, Ashlee
_925101
245 _aElon Musk
_c/ Ashlee Vance
260 _aPenguin Books, London, 2020
300 _a80 pages : illustrations ; 20 cm.
490 _aPenguin readers
520 _aWith carefully adapted text, new illustrations, language practise activities and additional online resources, the Penguin Readers series introduces language learners to bestselling authors and compelling content. Titles include popular classics, exciting contemporary fiction, and thought-provoking non-fiction. Elon Musk, a Level 3 Reader, is A2 in the CEFR framework. The text is made up of sentences with up to three clauses, introducing first conditional, past continuous and present perfect simple for general experience. It is well supported by illustrations, which appear on most pages. This book tells the story of Elon Musk, American businessman and multi-billionaire. Learn about his early years in South Africa and Canada, move to Silicon valley and his plans to travel to Mars.
521 _aAbridged Edition
600 0 _aMusk, Elon
_925102
650 0 _aReading comprehension
_922469
650 0 _aBusinesspeople
_910396
650 0 _aEnglish language
_vTextbooks for foreign speakers
_96478
653 _aLevel 3 Reader, is A2 in the CEFR framework
655 0 _aReaders (Adult)
_922484
655 0 _aBiography
_924454
942 _2lcc
999 _c4619
_d4619